Normal view
MARC view
- King, Sara N.,
Entry Personal Name
001 - CONTROL NUMBER
- control field: 3085
003 - CONTROL NUMBER IDENTIFIER
- control field: PACU
005 - DATE AND TIME OF LATEST TRANSACTION
- control field: 20140807141822.0
008 - FIXED-LENGTH DATA ELEMENTS
- fixed length control field: 140807|| aca||aabn | a|a d
040 ## - CATALOGING SOURCE
- Original cataloging agency: PACU
- Transcribing agency: PACU
100 ## - HEADING--PERSONAL NAME
- Personal name: King, Sara N.,
- Dates associated with a name: 1961-
670 ## - SOURCE DATA FOUND
- Source citation: Work cat.: (PACU)0: Lee, Robert J., 1939- 3084, Discovering the leader in you :, c2001.